000 00295nam a22001337a 4500
008 170207b xxu||||| |||| 00| 0 eng d
020 _a9781435438477
041 _aeng
080 _a61
100 _a4
101 _aSHM
245 _aCOMPUTERIZSD MEDICAL OFFIDE
_cCINDY CORREA
942 _2udc
_cBK
999 _c4850
_d4850